000 00381nam a2200133Ia 4500
008 210210b1972 xxu||||| |||| 00| 0 eng d
082 _a312 MAVP
100 _aMAVINKURVE (Brahmanand S).
245 _aPortrait of a community: chitrapur saraswat census report.
260 _a
_bPopular Prakashan
_c1972
300 _axv,151
690 _aMathematical Statistics
906 _aSG00523
999 _c112261
_d112261